000 00626nam a2200217 u 4500
005 20240924071259.0
008 130410s2006 r 000 0 eng d
020 _a9803950495
035 _aUPN01000190489
049 _aI
050 4 _aPZ75
_bM4.5
100 1 _aMeléndez, Ximena
_933920
245 1 0 _aManuel y Juan en blanco y negro /
_cXimena Meléndez.
260 _aBogotá :
_bEl Nacional,
_c2006.
300 _a23 p. :
_bil. col.
440 0 _aBrújula inicial.
_pLiteratura infantil
650 4 _aLiteratura infantil
_94445
650 7 _aAmistad entre niños
_2
_94319
905 _aInfantil
999 _c162592
_d162592